000 nam a22 7a 4500
999 _c9285
_d9285
008 180125b ||||| |||| 00| 0 eng d
100 _95540
_aMARIRAJ.A
245 _aMAKE ME GENIUS G.K-VII
260 _aNEW DELHI
_bANGEL BOOK
_c2014